[Event "DEM U18 2021"]
[Site "Willingen GER"]
[Date "2021.08.25"]
[Round "4"]
[White "Zackrisson, Peter"]
[Black "Weishäutel, Moritz"]
[Result "0-1"]
[Termination "normal"]
[Board "10"]
[WhiteElo "1965"]
[BlackElo "2270"]
[WhiteClock "00:00:52"]
[BlackClock "00:24:30"]
[PlyCount "92"]
[WhiteFideId "16282078"]
[BlackFideId "12967300"]
[EventCountry "GER"]
[EventRounds "9"]
[EventType "swiss"]
[EventDate "2021.08.22"]

1. e4 {[%clk 1:30:58]} c5 {[%clk 1:30:55]} 2. Nf3 {[%clk 1:31:20]} e6 {[%clk
1:31:21]} 3. g3 {[%clk 1:31:43]} Nc6 {[%clk 1:31:08]} 4. Bg2 {[%clk 1:32:02]}
Nf6 {[%clk 1:30:56]} 5. Qe2 {[%clk 1:32:18]} e5 {[%clk 1:30:46]} 6. O-O {[%clk
1:32:26]} Be7 {[%clk 1:30:39]} 7. c3 {[%clk 1:32:28]} O-O {[%clk 1:30:21]} 8.
Na3 {[%clk 1:32:31]} Re8 {[%clk 1:30:03]} 9. Nc2 {[%clk 1:31:50]} Bf8 {[%clk
1:27:30]} 10. d3 {[%clk 1:23:48]} h6 {[%clk 1:24:48]} 11. Ne3 {[%clk 1:22:41]}
d5 {[%clk 1:23:10]} 12. exd5 {[%clk 1:11:47]} Nxd5 {[%clk 1:23:27]} 13. Nxd5
{[%clk 1:12:04]} Qxd5 {[%clk 1:23:52]} 14. Nd2 {[%clk 1:12:11]} Qd8 {[%clk
1:23:04]} 15. Bxc6 {[%clk 0:59:26]} bxc6 {[%clk 1:23:26]} 16. Nb3 {[%clk
0:59:45]} Bf5 {[%clk 1:02:52]} 17. Rd1 {[%clk 0:59:29]} c4 {[%clk 1:02:31]} 18.
dxc4 {[%clk 0:58:50]} Qc8 {[%clk 1:02:57]} 19. Be3 {[%clk 0:50:36]} e4 {[%clk
0:57:28]} 20. Re1 {[%clk 0:45:36]} Bg4 {[%clk 0:55:57]} 21. Qf1 {[%clk
0:45:49]} c5 {[%clk 0:51:30]} 22. Nd2 {[%clk 0:44:58]} Qf5 {[%clk 0:50:44]} 23.
Rab1 {[%clk 0:41:45]} a5 {[%clk 0:41:54]} 24. b3 {[%clk 0:41:48]} Rad8 {[%clk
0:39:29]} 25. a3 {[%clk 0:39:03]} Bh3 {[%clk 0:34:51]} 26. Qe2 {[%clk 0:39:22]}
Bg4 {[%clk 0:35:18]} 27. Qf1 {[%clk 0:39:40]} Rd3 {[%clk 0:29:11]} 28. Rec1
{[%clk 0:39:43]} Red8 {[%clk 0:27:42]} 29. Rb2 {[%clk 0:39:26]} Be7 {[%clk
0:25:47]} 30. b4 {[%clk 0:19:47]} Bg5 {[%clk 0:21:21]} 31. Qe1 {[%clk 0:20:07]}
Bh3 {[%clk 0:20:16]} 32. Qe2 {[%clk 0:19:40]} Qd7 {[%clk 0:16:44]} 33. Bxg5
{[%clk 0:11:52]} hxg5 {[%clk 0:17:09]} 34. Nf1 {[%clk 0:11:08]} Bg4 {[%clk
0:10:30]} 35. Qe1 {[%clk 0:11:32]} Bf3 {[%clk 0:10:47]} 36. Ne3 {[%clk
0:11:26]} cxb4 {[%clk 0:02:32]} 37. cxb4 {[%clk 0:09:53]} Qh3 {[%clk 0:01:57]}
38. Qf1 {[%clk 0:09:15]} Qh5 {[%clk 0:02:21]} 39. b5 {[%clk 0:04:58]} R3d6
{[%clk 0:01:34]} 40. h3 {[%clk 0:01:17]} Rh6 {[%clk 0:00:59]} 41. Kh2 {[%clk
0:09:54]} Rdd6 {[%clk 0:27:59]} 42. Nf5 {[%clk 0:09:16]} Bg4 {[%clk 0:26:07]}
43. Nh4 {[%clk 0:00:53]} gxh4 {[%clk 0:25:14]} 44. Kg1 {[%clk 0:00:58]} hxg3
{[%clk 0:24:34]} 45. fxg3 {[%clk 0:01:16]} Bxh3 {[%clk 0:24:22]} 46. Qf2 {[%clk
0:00:52]} Rd1+ {[%clk 0:24:30]} 0-1

[Event "DEM U18 2021"]
[Site "Willingen GER"]
[Date "2021.08.25"]
[Round "4"]
[White "Post, Hugo"]
[Black "Bethke, Robert"]
[Result "1-0"]
[Termination "normal"]
[Board "11"]
[WhiteElo "2245"]
[BlackElo "2100"]
[WhiteClock "00:08:12"]
[BlackClock "00:09:00"]
[PlyCount "109"]
[WhiteFideId "12962490"]
[BlackFideId "12959251"]
[EventCountry "GER"]
[EventRounds "9"]
[EventType "swiss"]
[EventDate "2021.08.22"]

1. e4 {[%clk 1:30:52]} e5 {[%clk 1:30:58]} 2. Nf3 {[%clk 1:31:09]} Nc6 {[%clk
1:31:25]} 3. Bb5 {[%clk 1:31:26]} a6 {[%clk 1:31:51]} 4. Ba4 {[%clk 1:31:51]}
Nf6 {[%clk 1:32:08]} 5. O-O {[%clk 1:31:22]} Nxe4 {[%clk 1:30:39]} 6. d4 {[%clk
1:31:30]} exd4 {[%clk 1:28:00]} 7. Re1 {[%clk 1:29:51]} d5 {[%clk 1:28:20]} 8.
Nxd4 {[%clk 1:29:06]} Bd6 {[%clk 1:28:43]} 9. Nxc6 {[%clk 1:28:57]} Bxh2+
{[%clk 1:28:52]} 10. Kh1 {[%clk 1:29:21]} Qh4 {[%clk 1:29:04]} 11. Rxe4+ {[%clk
1:29:42]} dxe4 {[%clk 1:29:12]} 12. Qd8+ {[%clk 1:30:07]} Qxd8 {[%clk 1:29:35]}
13. Nxd8+ {[%clk 1:30:34]} Kxd8 {[%clk 1:29:56]} 14. Kxh2 {[%clk 1:31:01]} Be6
{[%clk 1:29:04]} 15. c3 {[%clk 1:21:25]} Ke7 {[%clk 1:27:07]} 16. Be3 {[%clk
1:19:55]} f5 {[%clk 1:27:09]} 17. Nd2 {[%clk 1:17:55]} Kf7 {[%clk 1:26:58]} 18.
Bc2 {[%clk 1:15:57]} Rhe8 {[%clk 1:23:54]} 19. Nb3 {[%clk 1:12:54]} b6 {[%clk
1:19:42]} 20. a4 {[%clk 1:09:12]} a5 {[%clk 1:11:26]} 21. Nd4 {[%clk 1:07:15]}
Bd7 {[%clk 1:10:47]} 22. Bf4 {[%clk 0:51:15]} Rac8 {[%clk 1:07:41]} 23. Rd1
{[%clk 0:39:33]} Kf6 {[%clk 1:00:55]} 24. g3 {[%clk 0:35:54]} g5 {[%clk
0:55:57]} 25. Be3 {[%clk 0:34:57]} Red8 {[%clk 0:47:42]} 26. f4 {[%clk
0:27:34]} g4 {[%clk 0:46:57]} 27. Nb5 {[%clk 0:12:24]} Bxb5 {[%clk 0:46:52]}
28. Rxd8 {[%clk 0:12:28]} Rxd8 {[%clk 0:47:16]} 29. axb5 {[%clk 0:12:54]} Rd5
{[%clk 0:46:38]} 30. Bd4+ {[%clk 0:12:51]} Kg6 {[%clk 0:46:30]} 31. Ba4 {[%clk
0:13:18]} h5 {[%clk 0:43:01]} 32. Kg2 {[%clk 0:13:41]} Kh6 {[%clk 0:31:05]} 33.
Kf2 {[%clk 0:14:06]} Kg6 {[%clk 0:30:52]} 34. Ke2 {[%clk 0:08:04]} h4 {[%clk
0:28:23]} 35. gxh4 {[%clk 0:08:28]} Kh5 {[%clk 0:24:09]} 36. Kf2 {[%clk
0:06:41]} Kxh4 {[%clk 0:23:38]} 37. Kg2 {[%clk 0:07:07]} Kh5 {[%clk 0:21:10]}
38. Kg3 {[%clk 0:07:32]} Kg6 {[%clk 0:21:12]} 39. Kf2 {[%clk 0:04:25]} Rd7
{[%clk 0:19:10]} 40. Bb3 {[%clk 0:02:21]} Rh7 {[%clk 0:19:33]} 41. Kg2 {[%clk
0:26:39]} Rh3 {[%clk 0:47:19]} 42. Be5 {[%clk 0:25:40]} Rd3 {[%clk 0:47:03]}
43. Kf1 {[%clk 0:17:28]} Rd2 {[%clk 0:45:28]} 44. Be6 {[%clk 0:15:45]} Rxb2
{[%clk 0:43:34]} 45. c4 {[%clk 0:16:10]} Rc2 {[%clk 0:41:32]} 46. Bxc7 {[%clk
0:15:39]} a4 {[%clk 0:35:16]} 47. Bxb6 {[%clk 0:15:47]} a3 {[%clk 0:35:37]} 48.
c5 {[%clk 0:09:03]} Kf6 {[%clk 0:30:17]} 49. Bg8 {[%clk 0:08:49]} Ke7 {[%clk
0:30:19]} 50. c6 {[%clk 0:08:06]} a2 {[%clk 0:23:11]} 51. Bd4 {[%clk 0:07:57]}
Kd8 {[%clk 0:11:00]} 52. Bxa2 {[%clk 0:07:34]} Rxa2 {[%clk 0:08:56]} 53. b6
{[%clk 0:07:58]} e3 {[%clk 0:08:38]} 54. b7 {[%clk 0:07:47]} e2+ {[%clk
0:09:00]} 55. Ke1 {[%clk 0:08:12]} 1-0

[Event "DEM U18 2021"]
[Site "Willingen GER"]
[Date "2021.08.25"]
[Round "4"]
[White "Mankel, Luca"]
[Black "Lieberwirth, Kasimir"]
[Result "0-1"]
[Termination "normal"]
[Board "12"]
[WhiteElo "1916"]
[BlackElo "2074"]
[WhiteClock "00:44:18"]
[BlackClock "00:09:33"]
[PlyCount "116"]
[WhiteFideId "16253876"]
[BlackFideId "12988146"]
[EventCountry "GER"]
[EventRounds "9"]
[EventType "swiss"]
[EventDate "2021.08.22"]

1. d4 {[%clk 1:30:59]} d5 {[%clk 1:30:48]} 2. c4 {[%clk 1:31:25]} e6 {[%clk
1:31:10]} 3. Nf3 {[%clk 1:31:37]} Be7 {[%clk 1:31:14]} 4. g3 {[%clk 1:31:52]}
Nf6 {[%clk 1:30:58]} 5. Bg2 {[%clk 1:32:17]} O-O {[%clk 1:30:32]} 6. O-O {[%clk
1:32:43]} Nbd7 {[%clk 1:23:24]} 7. b3 {[%clk 1:28:12]} Ne4 {[%clk 1:17:10]} 8.
Bb2 {[%clk 1:28:18]} c6 {[%clk 1:16:25]} 9. Nfd2 {[%clk 1:26:03]} f5 {[%clk
1:12:55]} 10. f3 {[%clk 1:23:00]} Nxd2 {[%clk 1:12:22]} 11. Qxd2 {[%clk
1:23:19]} g5 {[%clk 0:52:24]} 12. Nc3 {[%clk 1:12:41]} f4 {[%clk 0:41:16]} 13.
Bh3 {[%clk 1:06:23]} Nf6 {[%clk 0:31:38]} 14. gxf4 {[%clk 1:00:41]} Nh5 {[%clk
0:29:52]} 15. fxg5 {[%clk 0:56:02]} Nf4 {[%clk 0:30:12]} 16. Bg2 {[%clk
0:49:14]} Bxg5 {[%clk 0:25:25]} 17. e3 {[%clk 0:47:49]} Nxg2 {[%clk 0:25:41]}
18. Qxg2 {[%clk 0:45:48]} Kh8 {[%clk 0:25:16]} 19. f4 {[%clk 0:45:46]} Bf6
{[%clk 0:24:35]} 20. Rf3 {[%clk 0:45:31]} Bd7 {[%clk 0:23:31]} 21. Kh1 {[%clk
0:43:13]} Be8 {[%clk 0:17:14]} 22. Ba3 {[%clk 0:37:30]} Rg8 {[%clk 0:17:04]}
23. Rg3 {[%clk 0:37:59]} Bg6 {[%clk 0:14:53]} 24. Rg1 {[%clk 0:36:44]} Bf5
{[%clk 0:06:08]} 25. Rxg8+ {[%clk 0:35:55]} Qxg8 {[%clk 0:06:37]} 26. Qxg8+
{[%clk 0:33:35]} Rxg8 {[%clk 0:07:06]} 27. Bd6 {[%clk 0:32:10]} Rxg1+ {[%clk
0:06:50]} 28. Kxg1 {[%clk 0:32:39]} Bh4 {[%clk 0:05:56]} 29. cxd5 {[%clk
0:32:51]} exd5 {[%clk 0:05:41]} 30. Kf1 {[%clk 0:32:50]} Bd3+ {[%clk 0:05:47]}
31. Kg2 {[%clk 0:28:00]} Be1 {[%clk 0:05:20]} 32. Bb4 {[%clk 0:28:23]} a5
{[%clk 0:04:52]} 33. Bxa5 {[%clk 0:28:24]} b6 {[%clk 0:05:14]} 34. Bb4 {[%clk
0:28:23]} c5 {[%clk 0:05:24]} 35. dxc5 {[%clk 0:24:42]} bxc5 {[%clk 0:05:52]}
36. Bxc5 {[%clk 0:25:05]} Bxc3 {[%clk 0:06:04]} 37. Bd4+ {[%clk 0:23:52]} Bxd4
{[%clk 0:06:33]} 38. exd4 {[%clk 0:24:21]} Kg7 {[%clk 0:05:37]} 39. a4 {[%clk
0:21:46]} Kf6 {[%clk 0:03:11]} 40. Kf3 {[%clk 0:21:52]} Kf5 {[%clk 0:02:10]}
41. a5 {[%clk 0:21:52]} Ba6 {[%clk 0:25:57]} 42. b4 {[%clk 0:51:42]} Kf6 {[%clk
0:22:31]} 43. Kg4 {[%clk 0:49:47]} Be2+ {[%clk 0:22:20]} 44. Kg3 {[%clk
0:49:51]} Kf5 {[%clk 0:22:00]} 45. Kf2 {[%clk 0:50:14]} Bc4 {[%clk 0:21:50]}
46. Kf3 {[%clk 0:50:39]} Ba6 {[%clk 0:21:44]} 47. h3 {[%clk 0:50:41]} Kg6
{[%clk 0:14:16]} 48. Kg4 {[%clk 0:50:20]} Bd3 {[%clk 0:12:21]} 49. Kf3 {[%clk
0:46:06]} Kf6 {[%clk 0:12:24]} 50. Kg4 {[%clk 0:45:36]} Kg6 {[%clk 0:10:54]}
51. Kf3 {[%clk 0:45:53]} Kh5 {[%clk 0:09:26]} 52. Kg3 {[%clk 0:45:40]} Bf1
{[%clk 0:09:28]} 53. h4 {[%clk 0:42:27]} Kg6 {[%clk 0:09:07]} 54. Kg4 {[%clk
0:42:43]} Be2+ {[%clk 0:09:25]} 55. Kg3 {[%clk 0:43:11]} h5 {[%clk 0:08:43]}
56. Kf2 {[%clk 0:43:25]} Bc4 {[%clk 0:08:50]} 57. Kg3 {[%clk 0:43:51]} Kf5
{[%clk 0:09:10]} 58. Kf3 {[%clk 0:44:18]} Bb5 {[%clk 0:09:33]} 0-1

[Event "DEM U18 2021"]
[Site "Willingen GER"]
[Date "2021.08.25"]
[Round "4"]
[White "Unbehend, Marius"]
[Black "Biermann, Lenhard"]
[Result "1/2-1/2"]
[Termination "normal"]
[Board "13"]
[WhiteElo "1572"]
[BlackElo "2160"]
[WhiteClock "00:32:42"]
[BlackClock "00:20:38"]
[PlyCount "85"]
[WhiteFideId "16214420"]
[BlackFideId "12970077"]
[EventCountry "GER"]
[EventRounds "9"]
[EventType "swiss"]
[EventDate "2021.08.22"]

1. e4 {[%clk 1:30:57]} e6 {[%clk 1:30:59]} 2. d4 {[%clk 1:31:20]} d5 {[%clk
1:31:26]} 3. Nd2 {[%clk 1:31:44]} Be7 {[%clk 1:31:53]} 4. c3 {[%clk 1:29:52]}
c5 {[%clk 1:32:02]} 5. exd5 {[%clk 1:25:45]} exd5 {[%clk 1:32:25]} 6. dxc5
{[%clk 1:18:53]} Bxc5 {[%clk 1:32:39]} 7. Nb3 {[%clk 1:17:51]} Bb6 {[%clk
1:31:29]} 8. Nf3 {[%clk 1:15:34]} Nf6 {[%clk 1:31:53]} 9. Be2 {[%clk 1:13:02]}
O-O {[%clk 1:32:08]} 10. O-O {[%clk 1:12:45]} Nc6 {[%clk 1:31:35]} 11. Bg5
{[%clk 1:11:10]} Be6 {[%clk 1:27:02]} 12. Nfd4 {[%clk 1:07:08]} h6 {[%clk
1:19:22]} 13. Bh4 {[%clk 1:06:53]} g5 {[%clk 1:18:53]} 14. Bg3 {[%clk 1:07:13]}
Ne4 {[%clk 1:18:17]} 15. Re1 {[%clk 0:58:54]} Qf6 {[%clk 0:55:30]} 16. Bf3
{[%clk 0:50:05]} Nxg3 {[%clk 0:49:56]} 17. hxg3 {[%clk 0:48:50]} Rad8 {[%clk
0:49:17]} 18. Qd2 {[%clk 0:38:46]} Ne5 {[%clk 0:41:45]} 19. Be2 {[%clk
0:36:43]} Nc4 {[%clk 0:40:53]} 20. Qc2 {[%clk 0:35:57]} Rfe8 {[%clk 0:39:07]}
21. Bd3 {[%clk 0:30:48]} Bg4 {[%clk 0:24:43]} 22. Bf5 {[%clk 0:23:55]} Bxf5
{[%clk 0:23:18]} 23. Nxf5 {[%clk 0:21:49]} Nxb2 {[%clk 0:20:09]} 24. Nxh6+
{[%clk 0:21:11]} Qxh6 {[%clk 0:20:35]} 25. Qxb2 {[%clk 0:21:30]} Qf6 {[%clk
0:20:19]} 26. Nd4 {[%clk 0:18:27]} Bxd4 {[%clk 0:16:35]} 27. cxd4 {[%clk
0:18:15]} b6 {[%clk 0:16:07]} 28. Qd2 {[%clk 0:15:15]} Rc8 {[%clk 0:14:26]} 29.
Rxe8+ {[%clk 0:11:36]} Rxe8 {[%clk 0:14:53]} 30. Kf1 {[%clk 0:09:23]} Re4
{[%clk 0:14:29]} 31. Rd1 {[%clk 0:09:40]} g4 {[%clk 0:12:17]} 32. Qd3 {[%clk
0:07:16]} Qh6 {[%clk 0:10:26]} 33. Kg1 {[%clk 0:06:44]} Qg6 {[%clk 0:10:45]}
34. Qa6 {[%clk 0:04:23]} Qf6 {[%clk 0:08:37]} 35. Qd3 {[%clk 0:04:13]} Qe6
{[%clk 0:03:30]} 36. Kf1 {[%clk 0:04:11]} Kg7 {[%clk 0:03:02]} 37. Qa6 {[%clk
0:03:26]} Qf6 {[%clk 0:02:50]} 38. Qd3 {[%clk 0:03:34]} Qh6 {[%clk 0:02:28]}
39. Kg1 {[%clk 0:03:54]} Qf6 {[%clk 0:02:32]} 40. Qd2 {[%clk 0:02:51]} Qh6
{[%clk 0:00:55]} 41. Qd3 {[%clk 0:02:40]} Qe6 {[%clk 0:21:19]} 42. Kf1 {[%clk
0:32:22]} Qh6 {[%clk 0:20:38]} 43. Kg1 {[%clk 0:32:42]} 1/2-1/2

[Event "DEM U18 2021"]
[Site "Willingen GER"]
[Date "2021.08.25"]
[Round "4"]
[White "Geltz, Noah"]
[Black "Mooser, Nicolas"]
[Result "1-0"]
[Termination "normal"]
[Board "14"]
[WhiteElo "2048"]
[BlackElo "2107"]
[WhiteClock "00:41:58"]
[BlackClock "00:25:51"]
[PlyCount "35"]
[WhiteFideId "16224256"]
[BlackFideId "12979406"]
[EventCountry "GER"]
[EventRounds "9"]
[EventType "swiss"]
[EventDate "2021.08.22"]

1. e4 {[%clk 1:30:57]} c5 {[%clk 1:30:51]} 2. Nf3 {[%clk 1:31:22]} e6 {[%clk
1:31:11]} 3. c3 {[%clk 1:31:44]} Nf6 {[%clk 1:31:16]} 4. Bd3 {[%clk 1:32:03]}
d6 {[%clk 1:29:13]} 5. O-O {[%clk 1:30:41]} Be7 {[%clk 1:26:35]} 6. Bc2 {[%clk
1:30:48]} O-O {[%clk 1:12:26]} 7. d4 {[%clk 1:29:18]} cxd4 {[%clk 1:11:11]} 8.
cxd4 {[%clk 1:29:35]} Nc6 {[%clk 1:05:17]} 9. Nc3 {[%clk 1:25:08]} b6 {[%clk
1:00:19]} 10. Re1 {[%clk 1:10:17]} Bb7 {[%clk 0:55:11]} 11. Bf4 {[%clk
1:04:15]} Rc8 {[%clk 0:50:27]} 12. Rc1 {[%clk 0:58:50]} Na5 13. Qe2 {[%clk
0:54:22]} Re8 {[%clk 0:41:18]} 14. Bd3 {[%clk 0:48:47]} Nh5 {[%clk 0:33:21]}
15. Bd2 {[%clk 0:47:11]} g6 {[%clk 0:28:40]} 16. d5 {[%clk 0:43:21]} exd5
{[%clk 0:26:51]} 17. exd5 {[%clk 0:42:36]} Ba8 {[%clk 0:25:51]} 18. Bb5 {[%clk
0:41:58]} 1-0

[Event "DEM U18 2021"]
[Site "Willingen GER"]
[Date "2021.08.26"]
[Round "5"]
[White "Suvorov, Alexander"]
[Black "Fromm, Marius"]
[Result "1-0"]
[Termination "normal"]
[Board "1"]
[WhiteTitle "FM"]
[BlackTitle "FM"]
[WhiteElo "2333"]
[BlackElo "2342"]
[WhiteClock "00:01:49"]
[BlackClock "00:07:04"]
[PlyCount "75"]
[WhiteFideId "12977063"]
[BlackFideId "12993190"]
[EventCountry "GER"]
[EventRounds "9"]
[EventType "swiss"]
[EventDate "2021.08.22"]

1. d4 {[%clk 1:30:48]} Nf6 {[%clk 1:30:54]} 2. c4 {[%clk 1:31:06]} g6 {[%clk
1:31:17]} 3. Nc3 {[%clk 1:31:02]} Bg7 {[%clk 1:31:39]} 4. e4 {[%clk 1:31:00]}
d6 {[%clk 1:32:02]} 5. Nf3 {[%clk 1:31:19]} O-O {[%clk 1:32:25]} 6. Be2 {[%clk
1:31:46]} e5 {[%clk 1:32:49]} 7. Be3 {[%clk 1:32:03]} exd4 {[%clk 1:33:10]} 8.
Nxd4 {[%clk 1:32:14]} Re8 {[%clk 1:33:35]} 9. f3 {[%clk 1:32:29]} c6 {[%clk
1:33:58]} 10. Bf2 {[%clk 1:32:48]} d5 {[%clk 1:34:22]} 11. exd5 {[%clk
1:33:10]} cxd5 {[%clk 1:34:44]} 12. O-O {[%clk 1:33:22]} Nc6 {[%clk 1:35:10]}
13. c5 {[%clk 1:33:38]} Bf8 {[%clk 1:35:31]} 14. Nxc6 {[%clk 1:22:51]} bxc6
{[%clk 1:35:56]} 15. b4 {[%clk 1:20:00]} Nh5 {[%clk 1:28:37]} 16. Qd2 {[%clk
1:02:43]} Qf6 {[%clk 1:27:59]} 17. Bd4 {[%clk 0:54:34]} Qf4 {[%clk 1:21:57]}
18. Rfd1 {[%clk 0:48:39]} Rb8 {[%clk 1:18:51]} 19. a3 {[%clk 0:41:57]} a5
{[%clk 1:10:48]} 20. b5 {[%clk 0:36:56]} Bd7 {[%clk 1:06:51]} 21. Nxd5 {[%clk
0:20:11]} cxd5 {[%clk 1:03:19]} 22. c6 {[%clk 0:19:52]} Bf5 {[%clk 0:48:33]}
23. b6 {[%clk 0:18:21]} Qxd2 {[%clk 0:38:56]} 24. Rxd2 {[%clk 0:18:50]} Bh6
{[%clk 0:35:49]} 25. Rb2 {[%clk 0:19:01]} Nf4 {[%clk 0:36:11]} 26. Kf2 {[%clk
0:08:27]} Bg7 {[%clk 0:24:17]} 27. Bxg7 {[%clk 0:07:44]} Kxg7 {[%clk 0:24:46]}
28. Bf1 {[%clk 0:06:16]} Rec8 {[%clk 0:22:31]} 29. Rc1 {[%clk 0:04:44]} Bd3
{[%clk 0:22:55]} 30. Ke3 {[%clk 0:03:37]} Bxf1 {[%clk 0:22:29]} 31. Kxf4 {[%clk
0:03:50]} Bc4 {[%clk 0:19:52]} 32. c7 {[%clk 0:03:57]} Rb7 {[%clk 0:20:20]} 33.
Ke5 {[%clk 0:04:01]} Kf8 {[%clk 0:13:50]} 34. Kd6 {[%clk 0:04:06]} Ba6 {[%clk
0:13:59]} 35. Rc5 {[%clk 0:02:38]} Bd3 {[%clk 0:07:12]} 36. Rxa5 {[%clk
0:01:59]} Bf5 {[%clk 0:07:10]} 37. Rb4 {[%clk 0:01:55]} d4 {[%clk 0:07:04]} 38.
Kc6 {[%clk 0:01:49]} 1-0

[Event "DEM U18 2021"]
[Site "Willingen GER"]
[Date "2021.08.26"]
[Round "5"]
[White "Kölle, Tobias"]
[Black "Woelk, Tom-Frederic"]
[Result "1-0"]
[Termination "normal"]
[Board "2"]
[WhiteTitle "FM"]
[BlackTitle "FM"]
[WhiteElo "2312"]
[BlackElo "2314"]
[WhiteClock "00:24:45"]
[BlackClock "00:16:36"]
[PlyCount "123"]
[WhiteFideId "16207378"]
[BlackFideId "12993077"]
[EventCountry "GER"]
[EventRounds "9"]
[EventType "swiss"]
[EventDate "2021.08.22"]

1. d4 d5 {[%clk 1:30:46]} 2. c4 {[%clk 1:31:23]} e6 {[%clk 1:31:13]} 3. Nf3
{[%clk 1:31:48]} a6 {[%clk 1:31:58]} 4. cxd5 {[%clk 1:31:40]} exd5 {[%clk
1:30:42]} 5. Nc3 {[%clk 1:31:26]} Nf6 6. Bg5 c6 {[%clk 1:30:29]} 7. e3 {[%clk
1:31:34]} Be6 {[%clk 1:30:45]} 8. Bd3 {[%clk 1:31:57]} Nbd7 {[%clk 1:31:11]} 9.
O-O {[%clk 1:31:24]} Bd6 {[%clk 1:31:23]} 10. Bf4 Qc7 {[%clk 1:24:13]} 11. Qd2
{[%clk 1:31:48]} O-O {[%clk 1:21:58]} 12. h3 {[%clk 1:30:59]} h6 {[%clk
1:01:06]} 13. Rfe1 {[%clk 1:30:22]} Nh5 {[%clk 1:01:30]} 14. Bxd6 {[%clk
1:29:00]} Qxd6 {[%clk 0:53:49]} 15. Rac1 {[%clk 1:21:04]} g6 {[%clk 0:52:18]}
16. Na4 {[%clk 1:11:52]} Ng7 {[%clk 0:36:16]} 17. b4 {[%clk 1:07:43]} Bf5
{[%clk 0:35:41]} 18. Nc5 {[%clk 1:07:56]} Bxd3 {[%clk 0:27:40]} 19. Qxd3 {[%clk
1:05:29]} Ra7 {[%clk 0:26:57]} 20. a4 {[%clk 0:57:32]} Ne6 {[%clk 0:23:22]} 21.
Re2 {[%clk 0:52:33]} Ng5 {[%clk 0:20:14]} 22. Nd2 {[%clk 0:46:04]} f5 {[%clk
0:16:39]} 23. Ndb3 {[%clk 0:43:30]} Ne4 {[%clk 0:09:56]} 24. Rec2 Qe7 {[%clk
0:10:00]} 25. b5 {[%clk 0:39:44]} axb5 26. Nxd7 {[%clk 0:37:02]} Qxd7 {[%clk
0:10:28]} 27. axb5 {[%clk 0:36:17]} Rf6 {[%clk 0:07:45]} 28. Nc5 {[%clk
0:36:41]} Nxc5 {[%clk 0:07:42]} 29. Rxc5 {[%clk 0:34:52]} Ra8 {[%clk 0:07:02]}
30. Qc2 {[%clk 0:32:05]} Rc8 {[%clk 0:05:06]} 31. Ra1 {[%clk 0:30:25]} Qd6
{[%clk 0:05:19]} 32. Qb3 Rf7 {[%clk 0:05:43]} 33. Rac1 {[%clk 0:25:38]} Rfc7
{[%clk 0:04:49]} 34. bxc6 {[%clk 0:19:10]} bxc6 {[%clk 0:04:52]} 35. Ra1 Kg7
{[%clk 0:04:06]} 36. Rca5 {[%clk 0:17:13]} Qe7 37. Qb6 {[%clk 0:15:55]} Kf6
{[%clk 0:03:00]} 38. Rxd5 {[%clk 0:15:12]} Rb7 {[%clk 0:02:35]} 39. Qa6 Kg7
{[%clk 0:00:34]} 40. Rc5 {[%clk 0:13:27]} Rbc7 {[%clk 0:01:00]} 41. Rac1 {[%clk
0:42:05]} Qd7 {[%clk 0:28:20]} 42. Qc4 {[%clk 0:41:15]} Qd6 {[%clk 0:26:03]}
43. Qc3 {[%clk 0:40:52]} Kh7 {[%clk 0:26:04]} 44. g3 {[%clk 0:40:52]} Qd7
{[%clk 0:26:04]} 45. h4 {[%clk 0:41:05]} h5 {[%clk 0:26:29]} 46. Ra1 {[%clk
0:36:42]} Qd6 {[%clk 0:26:36]} 47. Rc1 {[%clk 0:34:10]} Qd7 {[%clk 0:26:40]}
48. d5 {[%clk 0:30:02]} Qd6 {[%clk 0:26:35]} 49. Rxc6 {[%clk 0:30:02]} Rxc6
{[%clk 0:27:01]} 50. dxc6 {[%clk 0:30:27]} Rc7 {[%clk 0:27:28]} 51. Qc5 {[%clk
0:28:54]} Qe6 {[%clk 0:26:57]} 52. Qb6 {[%clk 0:28:40]} Qd6 {[%clk 0:26:47]}
53. Kh2 {[%clk 0:24:45]} Kg8 {[%clk 0:22:37]} 54. Qc5 {[%clk 0:24:03]} Qf6
{[%clk 0:18:01]} 55. Qd4 {[%clk 0:23:36]} Qe7 {[%clk 0:17:13]} 56. Qd5+ {[%clk
0:23:54]} Kh7 {[%clk 0:17:11]} 57. Rb1 {[%clk 0:23:55]} Kg7 {[%clk 0:14:54]}
58. Rb7 {[%clk 0:24:08]} Rxb7 {[%clk 0:15:21]} 59. cxb7 {[%clk 0:24:32]} Qc7
{[%clk 0:15:47]} 60. Qb3 {[%clk 0:24:42]} Qb8 {[%clk 0:16:11]} 61. Qc3+ {[%clk
0:24:19]} Kh7 {[%clk 0:16:36]} 62. Qc8 {[%clk 0:24:45]} 1-0

[Event "DEM U18 2021"]
[Site "Willingen GER"]
[Date "2021.08.26"]
[Round "5"]
[White "Wachinger, Nikolas"]
[Black "Dahl, Christoph"]
[Result "0-1"]
[Termination "normal"]
[Board "3"]
[WhiteElo "2361"]
[BlackElo "2284"]
[WhiteClock "00:27:17"]
[BlackClock "00:41:01"]
[PlyCount "86"]
[WhiteFideId "12962791"]
[BlackFideId "16240235"]
[EventCountry "GER"]
[EventRounds "9"]
[EventType "swiss"]
[EventDate "2021.08.22"]

1. d4 {[%clk 1:30:55]} Nf6 {[%clk 1:30:42]} 2. c4 {[%clk 1:31:17]} e6 {[%clk
1:30:41]} 3. Nc3 {[%clk 1:31:22]} Bb4 {[%clk 1:30:29]} 4. Qc2 {[%clk 1:31:29]}
d5 {[%clk 1:30:00]} 5. cxd5 {[%clk 1:29:48]} exd5 {[%clk 1:29:32]} 6. Bg5
{[%clk 1:30:02]} h6 {[%clk 1:28:30]} 7. Bh4 {[%clk 1:30:23]} c5 {[%clk
1:27:28]} 8. dxc5 {[%clk 1:15:23]} O-O {[%clk 1:22:55]} 9. e3 {[%clk 1:10:19]}
Be6 {[%clk 1:20:20]} 10. Nf3 {[%clk 1:07:37]} Nbd7 {[%clk 1:18:48]} 11. Be2
{[%clk 0:58:31]} Rc8 {[%clk 1:13:09]} 12. O-O {[%clk 0:57:30]} Rxc5 {[%clk
1:12:10]} 13. Rfc1 {[%clk 0:54:00]} Qa5 {[%clk 1:09:43]} 14. Nd4 {[%clk
0:52:55]} Bxc3 {[%clk 1:08:28]} 15. bxc3 {[%clk 0:25:25]} Rfc8 {[%clk 1:06:02]}
16. c4 {[%clk 0:20:24]} dxc4 {[%clk 1:05:21]} 17. Rab1 {[%clk 0:20:47]} b5
{[%clk 1:03:26]} 18. f3 {[%clk 0:11:32]} a6 {[%clk 0:57:18]} 19. e4 {[%clk
0:10:35]} c3 {[%clk 0:52:58]} 20. Nxe6 {[%clk 0:09:51]} fxe6 {[%clk 0:53:21]}
21. Qb3 {[%clk 0:10:02]} R5c6 {[%clk 0:37:40]} 22. Rc2 {[%clk 0:08:47]} Kh8
{[%clk 0:29:38]} 23. a3 {[%clk 0:05:19]} Qc7 {[%clk 0:27:48]} 24. Rd1 {[%clk
0:04:51]} e5 {[%clk 0:24:26]} 25. Bf2 {[%clk 0:03:36]} Nb6 {[%clk 0:23:10]} 26.
Qb4 {[%clk 0:03:10]} Na4 {[%clk 0:22:05]} 27. g3 {[%clk 0:02:15]} Nd7 {[%clk
0:16:36]} 28. Kg2 {[%clk 0:01:00]} Ndb6 {[%clk 0:13:57]} 29. h4 {[%clk
0:00:48]} Rd8 {[%clk 0:12:38]} 30. Rxd8+ {[%clk 0:00:50]} Qxd8 {[%clk 0:13:04]}
31. Qa5 {[%clk 0:01:02]} Qc8 {[%clk 0:12:43]} 32. Qb4 {[%clk 0:01:12]} Qe6
{[%clk 0:10:20]} 33. f4 {[%clk 0:00:43]} Nc4 {[%clk 0:09:19]} 34. f5 {[%clk
0:00:41]} Qd6 {[%clk 0:09:36]} 35. Qxd6 {[%clk 0:00:39]} Nxd6 {[%clk 0:09:30]}
36. Kf3 {[%clk 0:00:56]} a5 {[%clk 0:08:42]} 37. Bd1 {[%clk 0:01:11]} Nb2
{[%clk 0:09:06]} 38. Be2 {[%clk 0:01:11]} b4 {[%clk 0:09:29]} 39. axb4 {[%clk
0:01:27]} axb4 {[%clk 0:09:51]} 40. Be1 {[%clk 0:01:38]} Na4 {[%clk 0:10:02]}
41. Ra2 {[%clk 0:26:55]} c2 {[%clk 0:40:11]} 42. Bd2 {[%clk 0:26:59]} b3 {[%clk
0:40:35]} 43. Rxa4 {[%clk 0:27:17]} b2 {[%clk 0:41:01]} 0-1